Responses for Show #9057 - Tuesday, March 12, 2024

2024 Tournament of Champions final game 1.

Contestants

[<< previous game]

Ben Chan, a philosophy professor from Green Bay, Wisconsin

Troy Meyer, a music executive from Tampa, Florida

Yogesh Raut, a social and personality psychologist from Vancouver, Washington

[next game >>]

Jeopardy! Round responses

FROM THE NEWSPAPERS
(Ken: Various newspapers large and small.)
INVESTING & BUSINESS TERMS
ONE-WORD BEATLES SONG TITLES
SOUP'S ON
IDIOMS & EXPRESSIONS
LITERARY TITLE ADJECTIVES
    $200 27
Constantinople

Ben! 文瀚
    $200 28
net worth

Yogesh
    $200 29
birthday

Yogesh
    $200 30
green

Ben! 文瀚
    $200 26
in plain sight

Ben! 文瀚
    $200 25
Wide

Yogesh
    $400 18
Benazir Bhutto

Yogesh
    $400 21
a dividend

Yogesh
    $400 22
the taxman

Yogesh
    $400 23
Manhattan clam chowder

Yogesh
    $400 24
a rule of thumb

Yogesh
    $400 17
Rich

Troy
    $600 15
(Medgar) Evers

Ben! 文瀚
    $600 1
(Yogesh: I'll pay tribute to my father, INVESTING & BUSINESS TERMS $600.)

a key performance indicator

Ben! 文瀚
    $600 14
(Ken: The future [*] Obama, right.)

Michelle

Troy
    $600 13
leek

Troy
    $600 16
(Ken: I didn't even know that was out of style.)

a vibe check

Triple Stumper
    $600 10
Dangerous

Ben! 文瀚
    $800 3
Weimar

Troy
    $800 5
(Troy: What's a stop?)

stop-loss

TroyBen! 文瀚
    $800 20
Revolution

Troy
    $800 7
pho

Ben! 文瀚
    $800 12
no pains, no gains

Triple Stumper
    $800 2
Normal

Troy
    $1,600 4
Sacco & Vanzetti

Troy
    $1000 11
volatility index

Ben! 文瀚
    $1000 19
blackbird

Yogesh
    $1000 6
pepper pot soup

Triple Stumper
    $1000 8
(coming) down the pike

Ben! 文瀚
    $1000 9
Bald

Troy

Scores at the first commercial break (after clue 15):

Yogesh Troy Ben! 文瀚
$0 $4,600 $5,400

Scores at the end of the Jeopardy! Round:

Yogesh Troy Ben! 文瀚
$3,600 $5,800 $6,000

Double Jeopardy! Round responses

PLAIN GEOGRAPHY
PROSE & CONGRESS
UNMANNED SPACE EXPLORATION
THE KNIGHTLY NEWS
WHO'S THE BIOPIC SUBJECT?
STARTS WITH "P"
    $400 25
Sharon

Troy
    $400 26
the New York Knicks

Ben! 文瀚
    $400 28
airbags

Yogesh
    $400 27
the Holy Grail

Troy
    $400 29
Neil Armstrong

Troy
    $400 30
(Ben!: What's a poncho?)
(Ken: No, I'm sorry, but I like the enthusiasm.)

a parka

TroyBen! 文瀚
    $800 11
the Serengeti

Troy
    $800 24
Amy Klobuchar

Troy
    $800 23
Magellan

Troy
    $800 16
(Ken: Of Las Vegas, yes.)

the Golden Knights

Ben! 文瀚
    $800 22
Fossey

Yogesh
    $800 21
paleo

Yogesh
    $1200 3
a nuclear silo (a missile silo)

Yogesh
    $1200 9
Profiles in Courage

Troy
    $1200 12
a comet

Troy
    $1200 15
(Yogesh: What is Gawain and the Green Knight? [*]?)
[Ruled incorrect; reversed when Daily Double found because Yogesh corrected himself in time before Ken ruled]
[NOTE: This was the 525,000th clue entered into the J! Archive, on 2024-03-12.]

Sir Gawain and the Green Knight

YogeshTroy
    $1200 5
Kyle

Yogesh
    $1200 17
peekaboo

Yogesh
    $1600 2
Salisbury

Ben! 文瀚
    $9,000 10
Bernie Sanders

Troy
    $1600 13
Charon

Yogesh
    $1600 1
Burberry

Ben! 文瀚
    $1600 4
(Fanny) Brice

Yogesh
    $1600 18
a palisade

Troy
    $2000 8
the Olmecs

Ben! 文瀚
    $2000 20
Lewis

Yogesh
    $2000 14
(Yogesh: What is Pallas?)
...
(Ken: [*] is bigger than Pallas.)

Vesta

YogeshTroy
    $2000 7
(Ben!: Who are... the Knights Malta?)

the Knights Templar

TroyBen! 文瀚
    $2000 6
Thomas More

Yogesh
    $6,000 19
(Troy: What is a peregrine?)

peregrination

Troy

Scores at the end of the Double Jeopardy! Round:

Yogesh Troy Ben! 文瀚
$15,600 $22,000 $10,000

[wagering suggestions for these scores]

Final Jeopardy! Round responses

WORLD THEATER
(Ken: [To Ben] That is correct, by Henrik Ibsen.)
...
(Ken: [To Troy] The wrong Ibsen play.)
Ben! 文瀚What is Peer Gynt?
$5,601
YogeshWhat Peer Gynt I for one welcome our new Troy overlord
$0
TroyWhat is Hedda Gabler?
$9,201
Peer Gynt

Final scores:

Yogesh Troy Ben! 文瀚
$15,600 $12,799 $15,601
2nd place 3rd place Winner: 1 match point

Game dynamics:

Coryat scores:

Yogesh Troy Ben! 文瀚
$15,600 $20,000 $10,000
20 R,
1 W
22 R
(including 2 DDs),
2 W
(including 1 DD)
15 R,
2 W

Combined Coryat: $45,600

[game clues] [game scores] [suggest correction]

Game tape date: 2024-02-08
The J! Archive is created by fans, for fans. Scraping, republication, monetization, and malicious use prohibited; this site may use cookies and collect identifying information. See terms. The Jeopardy! game show and all elements thereof, including but not limited to copyright and trademark thereto, are the property of Jeopardy Productions, Inc. and are protected under law. This website is not affiliated with, sponsored by, or operated by Jeopardy Productions, Inc. Join the discussion at JBoard.tv.